000 00996nam a2200253 a 4500
005 20210223131918.0
008 121105s2012 mx r 000 0 spa d
020 _a9789212210896
035 _aUPN01000188166
049 _aCG
050 4 _aHF1510
_bR6.3
100 1 _aRosales, Osvaldo
_933046
245 1 0 _aChina y América Latina y el Caribe :
_bhacia una relación económica y comercial estratégica /
_cOsvaldo Rosales, Mikio Kuwayama.
260 _aSantiago de Chile :
_bCEPAL,
_c2012.
300 _a251 p. :
_bgráfs., cuadros
440 0 _aLibros de la CEPAL ;
_v114
651 4 _aAMERICA LATINA -
_xRELACIONES ECONOMICAS EXTRANJERAS -
_zCHINA
_921552
651 4 _aCHINA -
_xRELACIONES ECONOMICAS EXTRANJERAS -
_zAMERICA LATINA
_921551
651 4 _aASIA -
_xRELACIONES ECONOMICAS EXTRANJERAS -
_zCARIBE (REGION)
_921553
651 4 _aCARIBE (REGION) -
_xRELACIONES ECONOMICAS EXTRANJERAS -
_zASIA
_921550
700 1 _aKuwayama, Mikio,
_ecoaut.
905 _aLibro
999 _c160269
_d160269